|
|
|
|
| LEADER |
00000nab a2200000 a 4500 |
| 001 |
vtls000444022 |
| 003 |
SK-MaSNL |
| 005 |
20260318132955.0 |
| 008 |
160202c1991 xo 0 hun |
| 015 |
|
|
|a SNBRB19rr/mm-uuuuu
|
| 035 |
|
|
|a CL0444152
|
| 040 |
|
|
|a SNKBUCL
|b slo
|c SNKBUCL
|e AACR2
|
| 041 |
0 |
|
|a slo
|
| 044 |
|
|
|a xo
|c SK
|
| 080 |
|
|
|a 894.511 (437)-34(087.5)=945.11
|2 1981
|
| 080 |
|
|
|a 908.282.243.7(091)=945.11
|2 1981
|
| 100 |
1 |
|
|a Szőke, József N.
|4 aut
|9 966792
|
| 245 |
1 |
0 |
|a A csodálatos Duna
|b A Szent Flórián apátság kincsei
|c József Szőke N. ; Zoltán Nagy
|
| 300 |
|
|
|b Obr. 1.
|
| 500 |
|
|
|a Pokračovanie.
|
| 650 |
0 |
7 |
|a legendy
|2 snkbucl
|9 113284
|
| 651 |
|
7 |
|a Dunaj (rieka)
|2 snkbucl
|9 22602
|
| 655 |
|
7 |
|a články z novín a časopisov
|2 snkbucl
|9 267496
|
| 655 |
|
7 |
|a články z odboru literárna veda a krásna literatúra
|2 snkbucl
|9 770045
|
| 700 |
1 |
|
|a Nagy, Zoltán
|4 gup
|9 355315
|
| 773 |
0 |
|
|t Tücsök
|g Roč. 1, č. 4 (1991), s. 18
|
| 850 |
|
|
|a Slovenská národná knižnica v Martine
|a MTA001
|
| 852 |
|
|
|a SNK
|b KIS3GCP
|
| 958 |
|
|
|a RK
|
| 958 |
|
|
|a HU
|
| 958 |
|
|
|a LX
|
| 992 |
|
|
|a RBX
|
| 999 |
|
|
|c 2090913
|d 2092843
|